Beyond the spectrum constraint concentration and entry in the broadcasting industry

Saved in:
Bibliographic Details
Main Author: Motta, Massimo
Other Authors: Polo, Michele
Format: Book
Language:English
Published: Milano IGIER 1997
Series:Working paper series Working paper n. 115
Subjects:
Tags: Add Tag
No Tags, Be the first to tag this record!

MARC

LEADER 00000nam a2200000 4500
001 c109113
005 20221124074435.6
041 0 |a eng 
044 |a IT 
245 1 0 |a Beyond the spectrum constraint  |b concentration and entry in the broadcasting industry  |c Massimo Motta, Michele Polo 
264 1 |a Milano  |b IGIER  |c 1997 
300 |a 21 s. 
490 1 |a Working paper series  |v Working paper n. 115 
830 0 |a Working paper series  |v Working paper n. 115 
610 2 0 |a rozhlas 
610 2 0 |a médiá 
610 2 0 |a telekomunikácie 
610 2 0 |a priemysel 
610 2 0 |a televízia 
610 2 0 |a rádiotechnika 
610 2 0 |a technika audiovizuálna 
610 2 0 |a technika oznamovacia 
610 2 0 |a modely 
610 2 0 |a reklama 
610 2 0 |a rovnováha 
610 2 0 |a monopoly 
610 2 0 |a konkurencia 
610 2 0 |a porovnanie medzinárodné 
100 1 |a Motta, Massimo 
700 1 |a Polo, Michele